| 000 | 00430cam a22001457a 4500 | ||
|---|---|---|---|
| 008 | 180718b1955 xxu||||| |||| 00| 0 eng d | ||
| 082 | _aB11x47 M461 | ||
| 100 | _aMead, Margaret | ||
| 245 |
_aSoviet attitudes toward authority _cby Margaret Mead |
||
| 260 |
_aLondon _bTavistock _c1955 |
||
| 300 | _a148p. | ||
| 650 | _aSoviet Union -Social conditions. | ||
| 650 | _aSoviet Union -Civilization | ||
| 650 | _aCommunism -Soviet Union | ||
| 999 |
_c373412 _d373412 |
||